| 000 | 00540cam a22002051 4500 | ||
|---|---|---|---|
| 001 | ne 61000195 | ||
| 003 | DLC | ||
| 005 | 20260227111733.0 | ||
| 008 | 900823s1948 tu 000 0 tur | ||
| 010 | _ane 61000195 | ||
| 035 | _a(OCoLC)22259312 | ||
| 040 |
_aDLC _cCLU _dDLC |
||
| 042 | _apremarc | ||
| 050 | 0 | 0 |
_aPL248.N425 _bZ75 |
| 100 | 1 | _aKülçe, Süleyman. | |
| 245 | 0 | 0 | _aŞair Nefʼi neden ve nasıl öldürüldü. |
| 260 |
_aİzmir, _bNefaset Matbaası, _c1948. |
||
| 300 |
_a45 p. _c24 cm. |
||
| 600 | 0 | 0 |
_aNef'ı̂, _d1572-1635. |
| 999 |
_c44957 _d44957 |
||